| 000 | 00363nam a2200121Ia 4500 | ||
|---|---|---|---|
| 008 | 210430s9999 xx 000 0 und d | ||
| 082 | _a620.1 W438 F | ||
| 100 |
_aJames R.Welty _952986 |
||
| 245 |
_aFundamentals of Momentum Heat and Mass transfer 4th ed _cJames R.Welty |
||
| 260 |
_aHoboken _bJohn Wiley & Sons Inc _c2001 |
||
| 300 | _a759p. | ||
| 942 |
_cBK _2ddc |
||
| 999 |
_c564155 _d564155 |
||